01176cam a22003377a 4500003000500000005001700005008004100022010001000063011001000073020001500083035001000098040000900108082001400117100003100131245008600162260006000248300001900308590004100327590004100368590004200409650003200451650005700483650003000540901000700570905002400577911001200601942001000613949006400623999001700687952013400704CHAP20220329142433.0010206d1999 mx b r 00110 spa d a83436 a84408 a0761814485 a94928 cCHAP04a631.7bK500aKirpich, Phillip Z.96336610aWater planning for food production in developing contriesc/by Phillip Z. Kirpich aLanham, Maryland :bUniversity Press of America,c1999. a171 p,;bmapas aBATCH-UPDb10c20130110lUCH01h0814 aBATCH-UPDb10c20130410lUCH01h0451 aCONVERSIONb10c20130109lUCH01h134614aAgua para irrigacion.9243014aAguaxAbastecimientoxPaises subdesarrollados.9225814aAguaxDistribucion.92366 aBK aMayto Villalobos S. aproceso cLIBRO a631.7 K5bBCcLIBROd33724000816690eLIBROh99339i94928sb c83436d83436 00102ddc4052708GRALaBCbBCcPP_GRALd2019-12-31fLIBROl0o631.7 K5p33724000816690r2019-12-31 00:00:00w2019-12-31yLIBRO